000 00613cam a22002051 4500
001 40665
005 20230410103902.0
008 780112s1969 sp b 000 0aspa
041 _aspa
043 _aa-is---
050 1 4 _a416 DS 126.5
_bL335m 1969
100 1 _aLarteguy, Jean,
_d1920-
245 1 4 _aLas Murallas de Israel /
_cJean Lartéguy ; traducción de Alfredo Crespo.
260 _aBarcelona :
_bPlaza & Janes Editores,
_c1969.
300 _a367 p.
_bmaps.
_c23 cm.
500 _aPublications premiáeres.
651 0 _aIsrael
_xHistory, Military.
700 1 _aCrespo, Alfredo
_etr.
942 _2lcc
_cbk
999 _c27744
_d27744